[Event "Neuquen Las Balsas op"]
[Site "Neuquen"]
[Date "2022.06.18"]
[Round "4"]
[White "Pacheco, Daniel"]
[Black "Villanueva, Mario Nicolas"]
[Result "0-1"]
[WhiteElo "2291"]
[BlackElo "2465"]
[PlyCount "104"]
[EventDate "2022.06.17"]
[EventType "swiss"]
[EventRounds "7"]
[EventCountry "ARG"]
[SourceTitle "CBM 208 Extra"]
[Source "ChessBase"]
[SourceDate "2022.07.31"]
[SourceVersion "1"]
[SourceVersionDate "2022.07.31"]
[SourceQuality "1"]

1. c4 b6 2. Nc3 Bb7 3. d4 e6 4. Nf3 Nf6 5. g3 Bb4 6. Bg2 Bxc3+ 7. bxc3 0-0 8. 0-0 h6 9. d5 d6 10. Nd4 e5 11. Nf5 Nbd7 12. e4 Kh7 13. f4 Ng8 14. Ne3 Qe7 15. Bh3 g6 16. Bxd7 exf4 17. gxf4 Qxd7 18. Qd4 Rae8 19. Ng2 f5 20. e5 c5 21. e6 Qxe6 22. dxe6 cxd4 23. Re1 dxc3 24. Ba3 Rf6 25. Bxd6 Rfxe6 26. Rxe6 Rxe6 27. Be5 c2 28. Ne3 Be4 29. Rc1 Rc6 30. Kf2 g5 31. Ke2 Ne7 32. fxg5 hxg5 33. Kd2 Rh6 34. Rg1 Nc6 35. Bc7 Nd4 36. Rf1 f4 37. Ng4 Rc6 38. Bb8 Bg2 39. Rf2 Rxc4 40. Kc1 Rb4 41. Rxc2 Nxc2 42. Kxc2 f3 43. Nf2 Ra4 44. Kb3 b5 45. a3 Bf1 46. Bd6 Bc4+ 47. Kc3 Kg6 48. Bc5 Be6 49. Nd3 Bf5 50. Nb2 Rh4 51. Bg1 Rxh2 52. Kd4 Kh7 0-1

[Event "ARG-ch Seniors 50"]
[Site "Buenos Aires"]
[Date "2021.12.11"]
[Round "6"]
[White "Pacheco, Daniel"]
[Black "Pierucci, Fabian"]
[Result "1/2-1/2"]
[WhiteElo "2278"]
[BlackElo "1833"]
[PlyCount "123"]
[EventDate "2021.12.08"]
[EventType "swiss"]
[EventRounds "7"]
[EventCountry "ARG"]
[SourceTitle "CBM 205 Extra"]
[Source "ChessBase"]
[SourceDate "2022.01.31"]
[SourceVersion "1"]
[SourceVersionDate "2022.01.31"]
[SourceQuality "1"]

1. d4 d5 2. c4 c6 3. Nf3 Nf6 4. Nc3 dxc4 5. a4 Bf5 6. e3 e6 7. Bxc4 Bb4 8. 0-0 0-0 9. Qe2 Nbd7 10. Rd1 Bg6 11. Na2 Be7 12. Bd2 Bh5 13. e4 Re8 14. a5 e5 15. dxe5 Nxe5 16. Bc3 Nxf3+ 17. gxf3 Qc8 18. Kg2 Bd8 19. Qd3 Bg6 20. Re1 Nh5 21. Qe3 Bc7 22. e5 Qf5 23. Nc1 Nf4+ 24. Kh1 Rad8 25. Ra4 Nd5 26. Bxd5 Rxd5 27. f4 Qd7 28. Ne2 Rd1 29. Ng3 Qd5+ 30. Kg1 Bc2 31. Ra3 f6 32. Qe2 Rxe1+ 33. Bxe1 Bd1 34. Qe3 Bg4 35. f3 Bh3 36. Rd3 Qb5 37. b4 fxe5 38. f5 Rd8 39. Rxd8+ Bxd8 40. Qf2 Be7 41. Qe3 Qd5 42. Bd2 c5 43. f6 gxf6 44. Qh6 Qd4+ 45. Be3 Qd1+ 46. Kf2 Be6 47. Nh5 Qc2+ 48. Ke1 Qb1+ 49. Kf2 Qg6 50. b5 Bc4 51. b6 axb6 52. axb6 Qc2+ 53. Kg3 Qg6+ 54. Kf2 Bb5 55. Ng3 Qxh6 56. Bxh6 Kf7 57. Nf5 Ke6 58. Nxe7 Kxe7 59. f4 e4 60. f5 Kd6 61. Bf4+ Kd5 62. Bc7 1/2-1/2

[Event "ARG-ch Seniors 50"]
[Site "Buenos Aires"]
[Date "2021.12.09"]
[Round "2"]
[White "Pacheco, Daniel"]
[Black "Walsh, Hector"]
[Result "1-0"]
[WhiteElo "2278"]
[BlackElo "1934"]
[PlyCount "61"]
[EventDate "2021.12.08"]
[EventType "swiss"]
[EventRounds "7"]
[EventCountry "ARG"]
[SourceTitle "CBM 205 Extra"]
[Source "ChessBase"]
[SourceDate "2022.01.31"]
[SourceVersion "1"]
[SourceVersionDate "2022.01.31"]
[SourceQuality "1"]

1. d4 Nf6 2. c4 g6 3. g3 Bg7 4. Bg2 0-0 5. Nc3 d6 6. Nf3 c6 7. 0-0 Qa5 8. d5 Qa6 9. Qd3 Nfd7 10. Ne4 Nb6 11. Ned2 N8d7 12. e4 Nc5 13. Qe3 Nxc4 14. Nxc4 Qxc4 15. dxc6 bxc6 16. e5 Qd3 17. Qf4 Bf5 18. Be3 Ne6 19. Qh4 Rfe8 20. Ne1 Qb5 21. g4 Qc4 22. f4 Be4 23. Rc1 Qe2 24. Rc3 Bxg2 25. Nxg2 dxe5 26. f5 Nf4 27. Bxf4 exf4 28. Rcf3 Be5 29. Nxf4 g5 30. Qxg5+ Kh8 31. Nxe2 1-0

[Event "ARG-ch Seniors 50"]
[Site "Coronel Pringles"]
[Date "2019.12.14"]
[Round "4.2"]
[White "Gomez Baillo, Jorge H"]
[Black "Pacheco, Daniel"]
[Result "1-0"]
[WhiteElo "2377"]
[BlackElo "2252"]
[PlyCount "112"]
[EventDate "2019.12.13"]
[EventType "swiss"]
[EventRounds "7"]
[EventCountry "ARG"]
[SourceTitle "EXT 2024"]
[Source "ChessBase"]
[SourceDate "2023.10.10"]
[SourceVersion "1"]
[SourceVersionDate "2023.10.10"]
[SourceQuality "1"]

1. e4 Nc6 2. Nf3 e6 3. Nc3 d5 4. Bb5 Bb4 5. 0-0 Nge7 6. d4 0-0 7. e5 Bd7 8. Bd3 f6 9. a3 Ba5 10. Bf4 Be8 11. exf6 Ng6 12. f7+ Bxf7 13. Bg3 Qf6 14. Ne2 h6 15. c3 Bb6 16. b4 Nce7 17. Ne5 Be8 18. Qd2 Nf5 19. Nxg6 Bxg6 20. Be5 Qf7 21. Nf4 Bh7 22. Rae1 g5 23. Ne2 Nh4 24. f4 Bxd3 25. Qxd3 Ng6 26. Qe3 Qf5 27. Ng3 Qg4 28. h3 Qh4 29. f5 exf5 30. Nxf5 Qe4 31. Nxh6+ Kh7 32. Rxf8 Qxe3+ 33. Rxe3 Rxf8 34. Ng4 Nh4 35. Nf6+ Kg6 36. Nxd5 c6 37. Nxb6 axb6 38. c4 Re8 39. Kf2 Rf8+ 40. Kg1 Nf5 41. Rf3 Rd8 42. Rd3 c5 43. d5 b5 44. cxb5 c4 45. Rd2 Ne3 46. d6 Kf5 47. Bc3 Ke4 48. Rd4+ Kf5 49. d7 Nc2 50. Rxc4 Rxd7 51. a4 Ne3 52. Rd4 Rc7 53. g4+ Kg6 54. Bd2 Nc4 55. Rd5 Kf7 56. Bxg5 Ke6 1-0

[Event "Rio Negro IRT"]
[Site "Rio Negro"]
[Date "2018.08.17"]
[Round "1.4"]
[White "Monsalve, Sebastian"]
[Black "Pacheco, Daniel"]
[Result "0-1"]
[WhiteElo "1207"]
[BlackElo "2242"]
[PlyCount "50"]
[EventDate "2018.08.17"]
[EventType "tourn"]
[EventRounds "6"]
[EventCountry "ARG"]
[SourceTitle "EXT 2024"]
[Source "ChessBase"]
[SourceDate "2023.10.10"]
[SourceVersion "1"]
[SourceVersionDate "2023.10.10"]
[SourceQuality "1"]

1. e4 c5 2. Nf3 e6 3. d4 cxd4 4. Nxd4 Nc6 5. Be3 Nf6 6. f3 d5 7. Nc3 Bb4 8. Bb5 Bd7 9. Nxc6 bxc6 10. e5 cxb5 11. exf6 Qxf6 12. Bd4 Qh6 13. 0-0 Bd6 14. g3 b4 15. Nb1 0-0 16. c4 e5 17. c5 Bc7 18. Bf2 Bc6 19. Qd2 Qh5 20. Be1 a5 21. a3 b3 22. Nc3 d4 23. Ne4 f5 24. Qg5 Qxg5 25. Nxg5 Be4 0-1

[Event "Rio Negro IRT"]
[Site "Rio Negro"]
[Date "2018.08.??"]
[Round "2.4"]
[White "Pacheco, Daniel"]
[Black "Vidal, Nicolas Faustino"]
[Result "1-0"]
[WhiteElo "2242"]
[BlackElo "1743"]
[PlyCount "51"]
[EventDate "2018.08.17"]
[EventType "tourn"]
[EventRounds "6"]
[EventCountry "ARG"]
[SourceTitle "EXT 2024"]
[Source "ChessBase"]
[SourceDate "2023.10.10"]
[SourceVersion "1"]
[SourceVersionDate "2023.10.10"]
[SourceQuality "1"]

1. d4 Nf6 2. c4 e6 3. Nc3 Bb4 4. Nf3 b6 5. g3 Bb7 6. Bg2 c5 7. e4 0-0 8. Bd2 d6 9. 0-0 Bxc3 10. Bxc3 e5 11. Qc2 Nbd7 12. Nh4 Re8 13. Nf5 Nf8 14. b4 Bc8 15. bxc5 bxc5 16. Rab1 g6 17. Nh6+ Kg7 18. Qd2 Ng8 19. Nxg8 Kxg8 20. f4 Nd7 21. f5 Ba6 22. Qh6 Qe7 23. Bh3 Qf8 24. Qh4 Nb6 25. Bd2 Qg7 26. f6 1-0

[Event "American Continental 14th"]
[Site "Montevideo"]
[Date "2018.06.07"]
[Round "7"]
[White "Miraballes Lopez, Andres"]
[Black "Pacheco, Daniel"]
[Result "0-1"]
[WhiteElo "1665"]
[BlackElo "2256"]
[PlyCount "38"]
[EventDate "2018.06.01"]
[EventType "swiss"]
[EventRounds "11"]
[EventCountry "URU"]
[SourceTitle "CBM 184 Extra"]
[Source "ChessBase"]
[SourceDate "2018.06.28"]
[SourceVersion "1"]
[SourceVersionDate "2018.06.28"]
[SourceQuality "1"]

1. e4 e6 2. d4 d5 3. exd5 exd5 4. c4 Nf6 5. Nf3 Bb4+ 6. Nbd2 0-0 7. Be2 dxc4 8. Bxc4 Re8+ 9. Be2 Nc6 10. a3 Ba5 11. Qa4 Qe7 12. Ne5 Nxe5 13. dxe5 Qxe5 14. 0-0 Bd7 15. Bb5 Qxb5 16. Qd1 Bf5 17. Re1 Bc2 18. Rxe8+ Rxe8 19. Qxc2 Re1+ 0-1

[Event "American Continental 14th"]
[Site "Montevideo"]
[Date "2018.06.05"]
[Round "6"]
[White "Saralegui Cassan, Mario"]
[Black "Pacheco, Daniel"]
[Result "1-0"]
[WhiteElo "2069"]
[BlackElo "2256"]
[PlyCount "111"]
[EventDate "2018.06.01"]
[EventType "swiss"]
[EventRounds "11"]
[EventCountry "URU"]
[SourceTitle "CBM 184 Extra"]
[Source "ChessBase"]
[SourceDate "2018.06.28"]
[SourceVersion "1"]
[SourceVersionDate "2018.06.28"]
[SourceQuality "1"]

1. d4 e6 2. Nf3 b6 3. g3 Bb7 4. Bg2 f5 5. 0-0 Nf6 6. c4 Be7 7. Nc3 Ne4 8. Qc2 0-0 9. Nd2 Nxc3 10. bxc3 Bxg2 11. Kxg2 Nc6 12. f4 d5 13. cxd5 exd5 14. Nf3 Na5 15. Ne5 Bd6 16. Kg1 Qe8 17. a4 Bxe5 18. fxe5 Qe6 19. Rf3 Nc4 20. Bd2 Rf7 21. Raf1 Raf8 22. Bc1 a5 23. Kh1 h6 24. h4 c6 25. Kg2 Qg6 26. Kh2 Qh5 27. Kg2 Qg4 28. Rf4 Qg6 29. R1f2 Qe6 30. R4f3 h5 31. Qd3 g6 32. Rf1 Rb8 33. R3f2 b5 34. axb5 Rxb5 35. Bg5 a4 36. Ra1 a3 37. Qf3 Rb3 38. Rff1 f4 39. Bxf4 Rb2 40. Rf2 Qf5 41. Bc1 Rb3 42. Bg5 Rxc3 43. Qxf5 Rxf5 44. e6 Rc2 45. e7 Kf7 46. Raf1 Nd6 47. Bf4 Kxe7 48. Rf3 Rxe2+ 49. Kh3 Nb5 50. Rc1 Kd7 51. Rb3 Rf8 52. Ra1 Ra8 53. Be5 a2 54. Rf3 Rb2 55. Rf7+ Ke6 56. Raf1 1-0

[Event "American Continental 14th"]
[Site "Montevideo"]
[Date "2018.06.03"]
[Round "4"]
[White "Terry, Renato"]
[Black "Pacheco, Daniel"]
[Result "1-0"]
[WhiteElo "2503"]
[BlackElo "2256"]
[PlyCount "133"]
[EventDate "2018.06.01"]
[EventType "swiss"]
[EventRounds "11"]
[EventCountry "URU"]
[SourceTitle "CBM 184 Extra"]
[Source "ChessBase"]
[SourceDate "2018.06.28"]
[SourceVersion "1"]
[SourceVersionDate "2018.06.28"]
[SourceQuality "1"]

1. Nf3 b6 2. e4 Bb7 3. Nc3 e6 4. d4 Bb4 5. e5 d5 6. h4 Ne7 7. Bd3 Qd7 8. 0-0 Bxc3 9. bxc3 Qa4 10. Bg5 h6 11. Bxe7 Kxe7 12. Rb1 Nc6 13. Bb5 Qa5 14. Rb3 a6 15. Bd3 Qa4 16. Qc1 Na5 17. Rb4 Qxa2 18. Nd2 Nc4 19. Nxc4 dxc4 20. Bxc4 Qa5 21. Qb2 b5 22. Bxb5 Bxg2 23. Kxg2 axb5 24. Rxb5 Qa3 25. Qb4+ Kd7 26. Rd1 Ra4 27. Qb3 Rha8 28. Rc5 Qxb3 29. cxb3 Ra2 30. Rd3 R8a7 31. Rg3 g6 32. Rf3 Ke7 33. b4 h5 34. b5 Rb2 35. c4 Re2 36. Rf4 Kf8 37. Rc6 Kg7 38. Kf1 Rb2 39. Rc5 Rb1+ 40. Kg2 Re1 41. Rc6 Rb1 42. d5 exd5 43. Rcf6 dxc4 44. Rxf7+ Kh6 45. Re7 Ra8 46. Rxc4 Rxb5 47. Rcxc7 Rh8 48. f4 Rb2+ 49. Kf3 Rb3+ 50. Kf2 Rb2+ 51. Ke3 Rb3+ 52. Ke2 Rb2+ 53. Kd3 Rb3+ 54. Kd2 Rb2+ 55. Kc3 Rh2 56. e6 Rxh4 57. Rf7 Rh1 58. Kd2 Ra1 59. e7 Re8 60. Rc6 Ra5 61. f5 Kg5 62. f6 Raa8 63. Rh7 Ra2+ 64. Kd3 Rf2 65. Rf7 Ra2 66. Rf8 Raa8 67. Rxe8 1-0

[Event "Neuquen IRT op"]
[Site "Neuquen"]
[Date "2018.05.25"]
[Round "3.3"]
[White "Peral, Alexis"]
[Black "Pacheco, Daniel"]
[Result "0-1"]
[WhiteElo "1856"]
[BlackElo "2256"]
[PlyCount "84"]
[EventDate "2018.05.24"]
[EventType "swiss"]
[EventRounds "7"]
[EventCountry "ARG"]
[SourceTitle "EXT 2024"]
[Source "ChessBase"]
[SourceDate "2023.10.10"]
[SourceVersion "1"]
[SourceVersionDate "2023.10.10"]
[SourceQuality "1"]

1. e4 e6 2. d4 d5 3. Bd3 c5 4. exd5 exd5 5. Nf3 Nc6 6. 0-0 cxd4 7. Re1+ Be7 8. Nbd2 Nf6 9. Nb3 Bg4 10. Be2 0-0 11. Nfxd4 Bxe2 12. Qxe2 Re8 13. Be3 Bd6 14. c3 Ne4 15. Nf5 Be5 16. Qg4 Qf6 17. f3 Nd6 18. Nxd6 Qxd6 19. g3 b6 20. Rad1 Re6 21. Kf2 Rae8 22. Nd4 Rg6 23. Qh4 Bxd4 24. Bxd4 Ree6 25. Be3 h6 26. Bf4 Qc5+ 27. Be3 Qb5 28. Rd2 Ne5 29. Qd8+ Kh7 30. Qxd5 Qe8 31. b3 Rgf6 32. h3 Nxf3 33. Qxf3 Rxf3+ 34. Kxf3 Qc6+ 35. Kf2 Qxc3 36. Rde2 g5 37. Kg2 Qd3 38. Kf2 Qf5+ 39. Kg2 Qe4+ 40. Kg1 b5 41. Rf1 f5 42. Rff2 Qd3 0-1

[Event "Florianopolis op 4th"]
[Site "Florianopolis"]
[Date "2018.01.23"]
[Round "7"]
[White "Guimaraes, Lucas dos S Peixoto"]
[Black "Pacheco, Daniel"]
[Result "1/2-1/2"]
[WhiteElo "2004"]
[BlackElo "2241"]
[PlyCount "61"]
[EventDate "2018.01.19"]
[EventType "swiss"]
[EventRounds "10"]
[EventCountry "BRA"]
[SourceTitle "EXT 2019"]
[Source "ChessBase"]
[SourceDate "2018.10.10"]
[SourceVersion "1"]
[SourceVersionDate "2018.10.10"]
[SourceQuality "1"]

1. e4 e6 2. d4 d5 3. Nd2 Nc6 4. c3 g6 5. Bd3 Bg7 6. Ngf3 Nh6 7. Qe2 0-0 8. 0-0 Re8 9. Re1 Bd7 10. e5 f6 11. Nb3 b6 12. exf6 Qxf6 13. Bg5 Qf8 14. Qd2 Nf7 15. Bf4 e5 16. dxe5 Ncxe5 17. Nxe5 Nxe5 18. Bf1 Qf7 19. Rad1 Ba4 20. Re2 c6 21. Rde1 Nc4 22. Rxe8+ Rxe8 23. Rxe8+ Qxe8 24. Bxc4 dxc4 25. Nd4 Qe4 26. h3 c5 27. Nf3 Bc6 28. Qd8+ Bf8 29. Bd6 Qb1+ 30. Kh2 Qf5 31. Ne5 1/2-1/2

[Event "Florianopolis op 4th"]
[Site "Florianopolis"]
[Date "2018.01.20"]
[Round "2"]
[White "Pacheco, Daniel"]
[Black "Reichert, Thiago da Cruz"]
[Result "1-0"]
[WhiteElo "2241"]
[BlackElo "1956"]
[PlyCount "107"]
[EventDate "2018.01.19"]
[EventType "swiss"]
[EventRounds "10"]
[EventCountry "BRA"]
[SourceTitle "CBM 182 Extra"]
[Source "ChessBase"]
[SourceDate "2018.02.23"]
[SourceVersion "1"]
[SourceVersionDate "2018.02.23"]
[SourceQuality "1"]

1. d4 Nf6 2. Nf3 b6 3. g3 Bb7 4. Bg2 g6 5. 0-0 Bg7 6. c4 0-0 7. b3 c5 8. Bb2 cxd4 9. Bxd4 d6 10. Nc3 Nc6 11. Nd5 Nxd4 12. Nxd4 Nxd5 13. cxd5 Rc8 14. Qd2 Rc5 15. e4 Qc7 16. Rad1 Rc8 17. Bh3 Rf8 18. Rfe1 Ba6 19. Qb4 Bc8 20. Bf1 Bg4 21. Nb5 Rxb5 22. Qxb5 Bxd1 23. Rxd1 Qc2 24. Qe2 Qxe2 25. Bxe2 Rc8 26. Bc4 Bb2 27. a4 a5 28. Kg2 Kg7 29. f4 h6 30. Re1 f6 31. Re2 Ba1 32. Kf3 Bc3 33. Bb5 Rc5 34. Ke3 Bb4 35. Bc4 Rc8 36. Kd3 Rf8 37. Bb5 Rc8 38. Bc6 e5 39. Kc4 Bc5 40. Kb5 Rc7 41. Rc2 exf4 42. gxf4 Be3 43. e5 fxe5 44. fxe5 dxe5 45. d6 Rf7 46. Bd5 Rf4 47. Rc7+ Kf8 48. Rc8+ Kg7 49. d7 Rb4+ 50. Kc6 Bg5 51. Bc4 h5 52. Bd5 e4 53. Re8 b5 54. axb5 1-0

[Event "Villa Martelli zt 2.5"]
[Site "Villa Martelli"]
[Date "2017.05.07"]
[Round "8"]
[White "Pacheco, Daniel"]
[Black "Heinechen, John"]
[Result "1-0"]
[WhiteElo "2279"]
[BlackElo "1938"]
[PlyCount "49"]
[EventDate "2017.04.30"]
[EventType "swiss"]
[EventRounds "9"]
[EventCountry "ARG"]
[SourceTitle "CBM 178 Extra"]
[Source "ChessBase"]
[SourceDate "2017.06.22"]
[SourceVersion "1"]
[SourceVersionDate "2017.06.22"]
[SourceQuality "1"]

1. d4 Nf6 2. c4 g6 3. Nc3 Bg7 4. e4 d6 5. Be2 0-0 6. Nf3 e5 7. d5 a5 8. Be3 Na6 9. Nd2 Ne8 10. 0-0 f5 11. f3 f4 12. Bf2 h5 13. a3 g5 14. b4 Rf6 15. c5 Rg6 16. Nc4 g4 17. fxg4 hxg4 18. g3 Qg5 19. Bd3 Rh6 20. Qd2 Bf6 21. Be1 Qg7 22. c6 b6 23. gxf4 exf4 24. Rxf4 b5 25. Nxa5 1-0

[Event "Villa Martelli zt 2.5"]
[Site "Villa Martelli"]
[Date "2017.05.06"]
[Round "7"]
[White "Kapitanchuk, Tomas"]
[Black "Pacheco, Daniel"]
[Result "1-0"]
[WhiteElo "2160"]
[BlackElo "2279"]
[PlyCount "100"]
[EventDate "2017.04.30"]
[EventType "swiss"]
[EventRounds "9"]
[EventCountry "ARG"]
[SourceTitle "CBM 178 Extra"]
[Source "ChessBase"]
[SourceDate "2017.06.22"]
[SourceVersion "1"]
[SourceVersionDate "2017.06.22"]
[SourceQuality "1"]

1. e4 e6 2. d4 d5 3. Nd2 Nf6 4. e5 Nfd7 5. Bd3 c5 6. c3 cxd4 7. cxd4 Nc6 8. Ne2 f6 9. exf6 Nxf6 10. Nf3 Bd6 11. 0-0 0-0 12. Bf4 Nh5 13. Bxd6 Qxd6 14. Ng3 Nf4 15. Bb5 Bd7 16. a3 Rf6 17. Re1 Raf8 18. Bxc6 Bxc6 19. Ne5 Be8 20. f3 h5 21. Qd2 h4 22. Ne2 Ng6 23. Ng4 Rf5 24. h3 Bb5 25. Nc3 Bc4 26. Re3 Nf4 27. Rae1 Rg5 28. Nd1 Rg6 29. Qc2 Qa6 30. Ndf2 Qb6 31. Qd2 a5 32. Nd1 a4 33. Nc3 Qa6 34. Qc2 b5 35. Qd2 Qb6 36. Nd1 Rf5 37. Ndf2 Kh7 38. Re5 Rgg5 39. Rxf5 Rxf5 40. Ne3 Rf8 41. Neg4 Kg8 42. Ne5 Qd8 43. Nfg4 Qg5 44. Qe3 Qf5 45. Qf2 Qg5 46. Qe3 Re8 47. Nd7 Bd3 48. Nc5 Bf5 49. Qe5 Kh7 50. Kh2 Ng6 1-0

[Event "Villa Martelli zt 2.5"]
[Site "Villa Martelli"]
[Date "2017.05.04"]
[Round "5"]
[White "Bernal, Gustavo"]
[Black "Pacheco, Daniel"]
[Result "1-0"]
[WhiteElo "2075"]
[BlackElo "2279"]
[PlyCount "53"]
[EventDate "2017.04.30"]
[EventType "swiss"]
[EventRounds "9"]
[EventCountry "ARG"]
[SourceTitle "CBM 178 Extra"]
[Source "ChessBase"]
[SourceDate "2017.06.22"]
[SourceVersion "1"]
[SourceVersionDate "2017.06.22"]
[SourceQuality "1"]

1. d4 Nf6 2. c4 g6 3. Nc3 Bg7 4. e4 d6 5. f3 0-0 6. Be3 b6 7. Qd2 c5 8. Nge2 Nc6 9. d5 Ne5 10. Ng3 e6 11. Be2 exd5 12. cxd5 Re8 13. 0-0 a6 14. a4 h5 15. Bg5 Qc7 16. f4 Ned7 17. e5 dxe5 18. f5 Qd6 19. fxg6 fxg6 20. Nge4 Nxe4 21. Nxe4 Qb8 22. Bh6 Ra7 23. Bxg7 Kxg7 24. Qg5 Nf8 25. Bxh5 Qc7 26. Rf6 Qd8 27. Bxg6 1-0

[Event "PRO League Stage"]
[Site "Chess.com INT"]
[Date "2017.02.22"]
[Round "7"]
[White "Pacheco, Daniel"]
[Black "Checa, Nicolas D"]
[Result "0-1"]
[WhiteElo "2279"]
[BlackElo "2400"]
[PlyCount "112"]
[EventDate "2017.01.11"]
[EventType "team-swiss (rapid)"]
[EventRounds "7"]
[EventCountry "USA"]
[SourceTitle "EXT 2018"]
[Source "ChessBase"]
[SourceDate "2017.10.13"]
[SourceVersion "1"]
[SourceVersionDate "2017.10.13"]
[SourceQuality "1"]
[WhiteTeam "Patagonia Penguins"]
[BlackTeam "Montclair Sopranos"]
[WhiteTeamCountry "ARG"]
[BlackTeamCountry "USA"]

1. d4 d5 2. Nf3 Nf6 3. Bf4 c5 4. e3 Nc6 5. c3 Qb6 6. Na3 a6 7. Qb3 Qa5 8. Ne5 e6 9. Nxc6 bxc6 10. dxc5 Bxc5 11. Nc2 0-0 12. Be2 Be7 13. a4 c5 14. 0-0 Ne4 15. Rfd1 Bd6 16. Bxd6 Nxd6 17. Qa3 Qc7 18. b3 a5 19. Bb5 Ba6 20. Bxa6 Rxa6 21. Rac1 Rb8 22. b4 Nc4 23. Qb3 axb4 24. cxb4 cxb4 25. e4 Na5 26. Qd3 Rc6 27. exd5 exd5 28. Qe3 Rc8 29. Rxd5 b3 30. Re1 Re6 31. Qg3 Qxg3 32. hxg3 bxc2 33. Rc1 Ree8 34. Rxa5 Red8 35. Kh2 h6 36. g4 Rd1 37. Ra8 Rxa8 38. Rxc2 Rxa4 39. f3 Kh7 40. Rb2 Kg6 41. Rc2 Rda1 42. Rc6+ f6 43. Kg3 R1a2 44. Rc1 Rb2 45. Rg1 Raa2 46. Kh3 Kg5 47. Kg3 f5 48. gxf5 Kxf5 49. Kh3 Kf4 50. Kh2 g5 51. Kh3 h5 52. Kh2 g4 53. fxg4 Kxg4 54. Kh1 Kg3 55. Rf1 Ra3 56. Rc1 Rba2 0-1

[Event "PRO League Stage"]
[Site "Chess.com INT"]
[Date "2017.02.11"]
[Round "5"]
[White "Pacheco, Daniel"]
[Black "Kolosovsky, Anton"]
[Result "1-0"]
[WhiteElo "2279"]
[BlackElo "2074"]
[PlyCount "69"]
[EventDate "2017.01.11"]
[EventType "team-swiss (rapid)"]
[EventRounds "7"]
[EventCountry "USA"]
[SourceTitle "CBM 176 Extra"]
[Source "ChessBase"]
[SourceDate "2017.03.02"]
[SourceVersion "1"]
[SourceVersionDate "2017.03.02"]
[SourceQuality "1"]
[WhiteTeam "Patagonia Penguins"]
[BlackTeam "Shymkent Nomads"]
[WhiteTeamCountry "ARG"]
[BlackTeamCountry "KAZ"]

1. d4 d5 2. Nf3 c6 3. Bf4 Qb6 4. Qc1 Bf5 5. e3 e6 6. Nh4 Bg6 7. Nxg6 hxg6 8. c4 dxc4 9. Bxc4 Nf6 10. h3 Nbd7 11. 0-0 Ne4 12. Qc2 Nd6 13. Bb3 Nf6 14. Nc3 Nd5 15. Bh2 Nf5 16. Rac1 Be7 17. Rfe1 Bg5 18. Ne4 Ndxe3 19. fxe3 Bxe3+ 20. Rxe3 Nxe3 21. Nd6+ Ke7 22. Qe4 Nf5 23. Nxf5+ gxf5 24. Qf4 Rad8 25. Qg5+ Kf8 26. Kh1 Rh7 27. d5 exd5 28. Qxf5 Rh6 29. Bg1 Qa5 30. Bd4 Re8 31. Rf1 Qc7 32. Qg5 Rg6 33. Qxg6 Re1 34. Qxg7+ Ke8 35. Rxe1+ 1-0

[Event "PRO League Atlantic"]
[Site "Chess.com INT"]
[Date "2017.01.11"]
[Round "1"]
[White "Brattain, Mika A"]
[Black "Pacheco, Daniel"]
[Result "1/2-1/2"]
[WhiteElo "2376"]
[BlackElo "2279"]
[PlyCount "285"]
[EventDate "2017.01.11"]
[EventType "team-swiss (rapid)"]
[EventRounds "7"]
[EventCountry "USA"]
[SourceTitle "CBM 176 Extra"]
[Source "ChessBase"]
[SourceDate "2017.03.02"]
[SourceVersion "1"]
[SourceVersionDate "2017.03.02"]
[SourceQuality "1"]
[WhiteTeam "Columbus Cardinals"]
[BlackTeam "Patagonia Penguins"]
[WhiteTeamCountry "USA"]
[BlackTeamCountry "ARG"]

1. Nf3 e6 2. c4 b6 3. g3 Bb7 4. Bg2 c5 5. Nc3 Nf6 6. 0-0 Be7 7. d4 cxd4 8. Qxd4 0-0 9. Rd1 a6 10. Na4 b5 11. Nc5 Nc6 12. Nxb7 Nxd4 13. Nxd8 Nc2 14. Ne1 Nxa1 15. Bxa8 Rxd8 16. Bf3 Bb4 17. Bd2 Bxd2 18. Rxd2 bxc4 19. Rd1 Rb8 20. Rxa1 Rxb2 21. e4 d5 22. exd5 exd5 23. Rd1 c3 24. Bxd5 c2 25. Nxc2 Rxc2 26. Be4 Rc8 27. Bb7 Rb8 28. Bxa6 g5 29. a4 Rb2 30. f3 g4 31. fxg4 Nxg4 32. Re1 Nxh2 33. Be2 Ra2 34. Kxh2 Rxa4 35. Bf3 Ra7 36. Re4 Kg7 37. Rg4+ Kf8 38. Rh4 Kg7 39. Be4 h6 40. Kh3 Ra5 41. Rg4+ Kh8 42. Rf4 Kg7 43. Kg4 Rc5 44. Rf5 Rc4 45. Rf4 Rc5 46. Rf5 Rc4 47. Kf3 Rc3+ 48. Kf4 Rc4 49. g4 Rd4 50. Ke3 Rd7 51. Bd5 Ra7 52. Re5 Ra5 53. Ke4 Ra4+ 54. Kf5 Ra7 55. Bf3 Ra6 56. Kf4 Ra7 57. Kg3 Kf6 58. Rf5+ Kg7 59. Rf4 Ra1 60. Re4 Ra7 61. Rb4 Rc7 62. Kh4 Rc5 63. Rb7 Re5 64. Rd7 Kg6 65. Bd5 f5 66. Rd6+ Kg7 67. g5 hxg5+ 68. Kxg5 Kf8 69. Kf6 Re1 70. Rd8+ Re8 71. Rd7 Rb8 72. Rf7+ Ke8 73. Be6 Rb6 74. Rc7 Rb8 75. Rh7 Kd8 76. Rd7+ Ke8 77. Re7+ Kd8 78. Rd7+ Ke8 79. Rd2 f4 80. Rc2 f3 81. Rf2 Rb1 82. Rxf3 Kd8 83. Rc3 Rf1+ 84. Ke5 Re1+ 85. Kd6 Rd1+ 86. Bd5 Ra1 87. Rh3 Re1 88. Rh8+ Re8 89. Rh7 Re1 90. Ra7 Rc1 91. Rd7+ Ke8 92. Rh7 Kf8 93. Rf7+ Ke8 94. Rg7 Rf1 95. Rg8+ Rf8 96. Rg7 Rf6+ 97. Be6 Rf1 98. Rg8+ Rf8 99. Rg2 Rf1 100. Rg8+ Rf8 101. Rg7 Rf2 102. Re7+ Kf8 103. Ra7 Rd2+ 104. Ke5 Rd1 105. Kf6 Rf1+ 106. Bf5 Re1 107. Rh7 Rg1 108. Rf7+ Ke8 109. Rc7 Rd1 110. Rc8+ Rd8 111. Rc1 Rd6+ 112. Be6 Rd2 113. Rc8+ Rd8 114. Rc7 Rd2 115. Rh7 Kd8 116. Ra7 Rf2+ 117. Ke5 Rf1 118. Kd6 Rd1+ 119. Bd5 Rc1 120. Rg7 Re1 121. Rg8+ Re8 122. Rg3 Re1 123. Rb3 Rc1 124. Rb8+ Rc8 125. Rb7 Rc1 126. Rh7 Re1 127. Be6 Rd1+ 128. Bd5 Re1 129. Rh6 Re3 130. Rf6 Re1 131. Rf8+ Re8 132. Rf7 Re1 133. Rd7+ Ke8 134. Rg7 Kd8 135. Rg6 Re3 136. Rh6 Re1 137. Rh5 Re7 138. Bc6 Rd7+ 139. Kc5 Rg7 140. Re5 Kc7 141. Rf5 Re7 142. Bd5 Rg7 143. Rf3 1/2-1/2